000 00605nam a22002177a 4500
003 OSt
005 20140310182210.0
008 130905t xxu||||| |||| 00| 0 eng d
020 _a9781855019331
050 _aBL 2441.2
_b.G649 1977
082 _aHS 292.1
_bG59 1997
100 _aGoodenough, Simon
_916492
245 _aEgyptian mythology /
_cSimon Goodenough.
260 _aLondon :
_bTiger Books International,
_cc1997.
300 _a128 p. :
_bill, ;
_c30 cm.
500 _aincludes index.
541 _j1
562 _e1
650 _aMythology
_xEgyptian
_916690
942 _2lcc
_cHS
999 _c10432
_d10432